000 01068nam2a2200241 4500
001 RU\NLR\BIBL_A\010828478
005 20250614103336.0
010 _a978-5-09-036827-8
_97000
021 _aRU
_b2015-54737
_93235
035 _a(NLR Aleph) 010828478
090 _a10276131
_c10276131
100 _a20150903d2015 |||y0rusy50 ca
101 0 _arus
102 _aRU
105 _aa j 000zy
200 0 _aЧ. 2
210 _d2015
_aБ. м.
215 _a95 с.
_cцв. ил.
461 0 _1001RU\NLR\BIBL_A\010841363
_12000#$aОт слова к букве$eпособие для детей 5-7 лет$eв 2 ч.$fН. А. Федосова$vЧ. 2
_1700#1$aФедосова$bН.А.$gНина Алексеевна$3RU\NLR\AUTH\7718708
_910329059
_aФедосова, Н. А.
_cМосква
_d2015
_e5-е изд., перераб.
_fН. А. Федосова
_nПросвещение
_oпособие для детей 5-7 лет : в 2 ч.
_tОт слова к букве
_y9785090368261
_vЧ. 2
942 _cBOOK
980 _aNB